| 000 | 01735nam a2200253Ia 4500 | ||
|---|---|---|---|
| 008 | 260220t1999||||xx |||||||||||||| ||spa|| | ||
| 020 | _a8426712274 | ||
| 040 |
_aPY-SlUNAC _bspa _erda |
||
| 041 | _aspa | ||
| 082 |
_a001.642 5 _bSim55c |
||
| 100 |
_aSimon, Pott _eAutor |
||
| 245 | 0 |
_aComo grabar CDs / _cpor Pott Simon [Autor] |
|
| 264 |
_aBarcelona : _bMarcambo, _c℗1999. |
||
| 300 | _a164 páginas | ||
| 520 | _a"Como grabar CDs" de Simon Pott es una guía práctica que aborda de manera detallada los fundamentos y técnicas necesarias para la grabación de discos compactos. Publicado en 1999, el libro ofrece una introducción accesible a los conceptos tecnológicos detrás de la grabación de audio y datos, destacando la evolución de los formatos y dispositivos de almacenamiento. A lo largo de sus capítulos, Pott se centra en el hardware y software requeridos, así como en los diferentes tipos de CDs, incluyendo CD-DA y CD-ROM. También se exploran aspectos relacionados con la calidad del sonido, la edición digital y la creación de carátulas. El texto está diseñado tanto para principiantes como para aquellos con conocimientos previos, proporcionando ejemplos prácticos y consejos útiles para optimizar el proceso. Con un enfoque en la creatividad y la personalización, el autor motiva a los lectores a experimentar con sus propias grabaciones, convirtiendo la tarea de grabar CDs en una actividad accesible y gratificante. | ||
| 653 | _aGrabación de sonido | ||
| 653 | _aMúsica | ||
| 653 | _aTecnología de la información | ||
| 942 |
_b2026/02/17 _cBK |
||
| 999 |
_c6678 _d6678 |
||